000 01129nam a2200241Ia 4500
999 _c36392
_d36392
001 2306
003 GE_BSU
005 20190529210502.0
008 181216s2011||||ge |||||||||||||| ||geo||
020 _a9789941412592
040 _cGE_BSU
041 _ageo
080 _a94(479.22)+821.353.1-94 ბ–65
100 _aბიბილეიშვილი, იური
_9800
245 _aსაქართველოსათვის:
_b1956 წლის 5-9 მარტის მოვლენების გახსენება /
_cიური ბიბილეიშვილი ; რედაქტორი ნოდარ ბარამიძე.
264 _aბათუმი :
_bშოთა რუსთაველის სახელმწიფო უნივერსიტეტი,
_c2011.
300 _a86 გვ.:
_b ფოტო-სურ. ;
_c18 სმ.
541 _h4ლ.
653 _aისტორია
653 _a 5-9 მარტის მოვლენები
700 _aბარამიძე, ნოდარ
_eრედაქტორი
_9377
942 _cBK
_2udc